Statystyki dla Rozsypanka literowa - ubrania

Kliknij tutaj aby rozwiązać quiz!

Ogólne statystyki

  • Ten quiz został rozwiązany 101 razy
  • Średni wynik to 13 z 15

Statystyki odpowiedzi

HintOdpowiedź% Poprawnych
tuybbuty
99%
otptop
99%
urkatkkurtka
98%
iensdopspodnie
93%
ekusnikasukienka
90%
kpazcaczapka
89%
treeswsweter
89%
kizalsszalik
87%
shtrittshirt
86%
ysztorszorty
85%
zokaslukoszula
79%
mjiktamajtki
79%
irgratungarnitur
75%
ptisekarkskarpetki
57%
jotparsyrajstopy
53%

Rozkład punktacji

Percentyl według liczby udzielonych odpowiedzi

Procent ludzi z każdym wynikiem

Twoja historia wyników

Nie rozwiązałeś tego quizu